nueva sociedad 291 | America Latina: geopolítica e integración (Registro nro. 806)
[ vista simple ]
| 000 -CABECERA | |
|---|---|
| fixed length control field | 00781nam a22002417a 4500 |
| 001 - NUMERO DE CONTROL | |
| control field | 60277 |
| 003 - CONTROL NUMBER IDENTIFIER | |
| control field | AR-BeUNQ |
| 005 - FECHA Y HORA DE LA ULTIMA TRANSACCION | |
| control field | 20250506163414.0 |
| 008 - ELEMENTOS DE LONGITUD FIJA-INFORMACION GENERAL | |
| fixed length control field | 250506b |||||||| |||| 00| 0 spa d |
| 020 ## - NUMERO INTERNACIONAL NORMALIZADO PARA LIBROS | |
| Número Internacional Normalizado del libro | 97702513550130291 |
| 040 ## - FUENTE DE CATALOGACION | |
| Agencia de catalogación original | AR-BeUNQ |
| Idioma de catalogación | ESPAÑOL |
| Agencia que realiza la transcripción | AR-BeUNQ |
| Convenciones de la descripción | aacr |
| 082 ## - NUMERO DE CLASIFICACION DECIMAL DEWEYMBER | |
| Número de la edición | 21 |
| Número de clasificación | 323 NUE |
| 245 01 - MENCION DE TITULO | |
| Título | nueva sociedad 291 |
| Otra información sobre el título | America Latina: geopolítica e integración |
| Mención de responsabilidad, etc | Blanke, Svenja |
| Medio físico | libro |
| Número de la parte/sección de la obra | enero febrero 2021 |
| 250 ## - MENCION DE EDICION | |
| Mención de edición | 1a.ed |
| 260 01 - PUBLICACION, DISTRIBUCION, ETC. | |
| Lugar de publicación, distribución, etc. | Buenos Aires |
| Nombre del editor, distribuidor, etc. | Nueva Sociedad |
| Fecha de publicación, distribución, etc | 2021 |
| 300 ## - DESCRIPCION FISICA | |
| Extensión | 212 p. |
| Otros detalles físicos | il. ; |
| Dimensiones | 15 cm |
| 490 01 - MENCION DE SERIE | |
| Mención de serie | Enero- Febrero |
| 500 ## - NOTA GENERAL | |
| Nota general | Publicación bimestral sobre politica en AL. |
| 650 ## - ASIENTO SECUNDARIO DE MATERIA - TERMINO TEMATICO | |
| Fuente del encabezamiento o términ | spines |
| Término temático o nombre geográfico como elemento de entrada | Politica |
| 651 ## - ASIENTO SECUNDARIO DE MATERIA - NOMBRE GEOGRAFICO | |
| Fuente del encabezamiento o término | unescot |
| Nombre geográfico | Argentina |
| 929 ## - DATOS DE ADQUISICION | |
| Procedencia | DONACION |
| Proveedor | Biblioteca Nacional |
| Orden de compra | 0 |
| Precio | 0 |
| Fecha de recibido | 01/09/2022 |
| Patrimonio UNQ | PAT0082134 |
| Número de inventario | 60277 |
| 942 01 - ELEMENTOS DE PUNTO DE ACCESO ADICIONAL (KOHA) | |
| Tipo de ítem Koha | Libros |
| Estado de retiro | Estado de pérdida | Ubicación permanente | Ubicación actual | Ubicación en estantería | Fecha de ingreso | Numeración serial | Total Checkouts | Signatura topográfica completa | Inventario | Date last seen | Tipo de ítem Koha |
|---|---|---|---|---|---|---|---|---|---|---|---|
| Biblioteca ESET - UNQ | Biblioteca ESET - UNQ | CIRCULACION | 01/09/2022 | 60277 | 323/NUE | 60277 | 22/03/2023 | Libros |